1518 1800 1678 1279 1553 1475 1225 1702 1626 1284 1190 1236 1609 1450 1409 1315 1759 1902 1196 1039 1332 1785 1016 1007 1206 1049 1218 1659 1714 1946 1352 1050 1374 1547 1132 1319 1101 1021 1590 1760 1321 1193 1094 1366 1962 1932 1572 1425 1934 1516 1559 1530 1940 1778 1581 1327 1346 1440 1373 1250 1118 1648 1163 1636 1044 1163 1989 1263 1245 1458 1578 1728 1305 1365 1975 1011 1797 1782 1733 1058 1570 1380 1916 1486 1683 1988 1729 1184 1883 1712 1165 1949 1383 1923 1148 1893 1203 1277 1917 BCNSPRNW ULIB Ver.6.0+V

เปลี่ยนเป็นภาษาไทย

Change to English
 แสดงรายละเอียดบรรณานุกรม
  กลับหน้าหลัก

Brief Record : Get Marc (ISO 2709) : E-mail record : QR code < ปิดหน้าต่าง
LEADER : 00000nam 2200000uu 4500
001    13399113477
003     ULIB
008    110627s2550||||th 000 0 tha d
020    9789747503470
090    นว.^bฌ111ค 2550
100 0  ฌามิวอาห์
245 00 คือคนนี้ที่หัวใจบอกรัก/^cฌามิวอาห์
250    พิมพ์ครั้งที่ 2
260    กรุงเทพฯ :^bแจ่มใส,^c2550
300    386 หน้า
710 1  แจ่มใส
945    ^p229^l0^i027185
995    ทศพร
999 ^a ใช้งานได้ทุกระบบ
รายการนี้ยังไม่มีแท็ก
คุณยังไม่ได้ล็อกอิน คุณสามารถมีกิจกรรมร่วมกับเว็บไซต์ได้ แต่ต้องล็อกอินก่อน ::
  ล็อกอิน

รายการสื่อสารสนเทศ

ลำดับที่ ประเภท เลขเรียก/บาร์โค้ด สถานที่ สถานะ
1. นวนิยาย
นวนิยาย
นว. ฌ111ค 2550 ฉ.1 
  Barcode: 027185
ห้องสมุดวิทยาเขตสวรรค์ประชารักษ์
►นวนิยาย
บนชั้น
  ขอยืม

รายการใกล้เคียง
    ผู้แต่ง [ฌามิวอาห์]

BibComment


ยังไม่เคยถูกคอมเมนท์

คอมเมนท์ทรัพยากรรายการนี้
  คอมเมนท์: คือคนนี้ที่หัวใจบ..


 Copyright 2026. Bcnsprnw @Library